000 01133cam a2200301Mi 4500
001 93385
005 20230411090052.0
008 091113s2009 sp 000 0 spa d
035 _a(OCoLC)ocn630599986
040 _aESUDE
_bspa
_cESUDE
_dI5B
020 _a9788497814881
020 _a8497814886
024 8 _aNIPO 076-09-100-9 (ediciâon papel)
035 _a(OCoLC)630599986
049 _aGRAL
245 0 0 _aImpacto de los riesgos emergentes en la seguridad marítima.
260 _a[Madrid] :
_bMinisterio de Defensa, Secretaría General Técnica,
_cD.L. 2009.
300 _a291 p. ;
_c24 cm.
490 1 _aCuadernos de estrategia ;
_v140
500 _aPrecede al tít.: Dirección General de Relaciones Institucionales, Instituto Español de Estudios Estratégicos, Grupo de Trabajo número 05/08.
650 0 4 _aNavegación
_xSeguridad
_xMedidas.
710 2 _aInstituto Español de Estudios Estratégicos (Madrid, España),
_eed.
830 0 _aCuadernos de estrategia ;
_v140.
938 _aIberbook International S.L.
_bIBER
_nIB 100000909
_cUSD8,58
942 _2lcc
_cbk
946 _asadt
994 _aC0
_bDRFGD
999 _c111917
_d111917